Language Quiz

Random Language or Letter Quiz

Difficult common 7 letter words in SAOL 13 7 Quiz Stats

Quiz not verified by Sporcle

Also try: B the Quiz
Challenge
Share
Tweet
Embed
Score 0/100 Timer 14:00
0 Plays Today
alfagram % Correct
ADIKOPSDIASKOP
100%
EELRRSÖRÖRELSE
100%
DEPRTTUPUDRETT
100%
EGORRSÅSORGEÅR
100%
HKORSTUTORKHUS
100%
GNORSTYGRYNOST
100%
EEGKLNSENGELSK
100%
EFIOOSTTEOSOFI
100%
ADEFLRÖFÖRLEDA
100%
ADEHISVADHESIV
100%
DEIRTVÖDITÖVER
100%
EIIMORSISOMERI
100%
DEIRTVÖVIDEÖRT
100%
DEIRTVÖÖVERTID
100%
ADELLSVSALVELD
95%
ADMNNORNORMAND
95%
ABDNNOTTONBAND
95%
AILNNTVLANTVIN
95%
DINNRSÖINSNÖRD
95%
AAEMNNSANAMNES
95%
AELMTTUAMULETT
95%
ENNRTTÖNERNÖTT
95%
AALNTTVVALNATT
95%
AEGIPRRGRIPARE
95%
AEGIRRVGARVERI
95%
EEIMRTTEMITTER
95%
AEIKRRVARVRIKE
95%
AAEGOPRAREOPAG
95%
AEKLPTTPLAKETT
95%
BEEORRSSEBORRE
95%
AAEGLLTALLEGAT
95%
AAEGLSVAVSEGLA
95%
ELSTTUÅUTELÅST
95%
ADEFRRUURFADER
95%
alfagram % Correct
EKLRTTÄLERTÄKT
95%
AAEKLRVVALKARE
95%
BEIKRTTBRIKETT
95%
AFGIKRSKRAFSIG
95%
GKORSTÅKORSTÅG
95%
AHKLRSUHUSKARL
95%
AKLRTUÄTRÄKULA
95%
EEGIKNTGENETIK
95%
DEIIMRSSMIDERI
95%
DELLSTÅELDSTÅL
95%
DEOPRTÖÖDETORP
95%
EHIMORSHEROISM
95%
AALORSXLAXROSA
95%
BDEIRTÄBITRÄDE
95%
BDDEORTBETRODD
95%
AELLOPRPOLLARE
95%
BEILSTÄBILSÄTE
95%
GILOPRSSORGPIL
90%
ADLNOSYSYNODAL
90%
DEGLNOUOGULDEN
90%
DEEGLNOGLOENDE
90%
DEEGILNEDLIGEN
90%
AEIKPTTPATETIK
90%
ADEJNRRRENRAJD
90%
EGIRTTÅETTÅRIG
90%
EGIRTTÅTRETÅIG
90%
ADENSSYASYNDES
90%
EGIRRTÅTREÅRIG
90%
AGLSTUÖÖLSTUGA
90%
AKLMSTUMULATSK
90%
BIKRSTUKURBITS
90%
GHORSTUHUGSTOR
90%
GLRSTUÅSTRÅGUL
90%
ADGRSUÅURSÅGAD
90%
alfagram % Correct
EGKLNRUKULREGN
90%
EEKLNRUURENKEL
90%
ADEFLRÖDALFÖRE
90%
EFIILSTFILISTE
90%
EFILPRSFRISPEL
90%
DELRSVÅLÅSVRED
90%
ADDELSVDVALDES
90%
BEILSTÄISBÄLTE
90%
DEIIPRSPRISIDE
90%
BELOOSTOBSOLET
90%
DGLORSÅSOLGÅRD
85%
DIKLRSÅKLÅDRIS
85%
AGILMOTMOLTIGA
85%
DGIMORSGRODSIM
85%
EGIKLNOONEKLIG
85%
EFIKRTTFETTRIK
85%
AGKLRSÖKRAGLÖS
85%
ADKNSTYSYDKANT
85%
AIKRTUVKURATIV
85%
BKORSTUSKORBUT
85%
FKORSTUFRUKTOS
85%
ADEGKNUKUNGAED
85%
AEFILMRELFIRMA
85%
EFILLSTFETSILL
85%
ADELSVÖÖDESVAL
85%
DEFLRSÖFREDLÖS
85%
ADDEOSVOAVSEDD
85%
EGLSTTÄÄLGTEST
80%
AEFNNTTTENNFAT
80%
ADDELLSELSLADD
80%
AEFILPSFIASPEL
80%
ADIKOPRPIKADOR
75%

You're not logged in!

Compare scores with friends on all Sporcle quizzes.
Sign Up with Email
OR
Log In

You Might Also Like...

Show Comments

Extras

Top Quizzes Today


Score Distribution

Your Account Isn't Verified!

In order to create a playlist on Sporcle, you need to verify the email address you used during registration. Go to your Sporcle Settings to finish the process.

Report this User

Report this user for behavior that violates our Community Guidelines.

Details: